000 01663cam a22003614a 4500
001 14168204
003 ARRUPE
005 20130926121350.0
008 051115s2006 nyu b s001 0 eng
010 _a 2005032539
020 _a9780814736654 (cloth : alk. paper)
020 _a0814736653 (cloth : alk. paper)
020 _a9780814736661 (pbk. : alk. paper)
020 _a0814736661 (pbk. : alk. paper)
040 _aDLC
_cDLC
_dDLC
042 _apcc
050 0 0 _aBS500
_b.C53 2006
245 0 0 _aChristian theologies of Scripture :
_ba comparative introduction /
_cedited by Justin S. Holcomb.
260 _aNew York :
_bNew York University Press,
_cc2006.
300 _aix, 330 p. ;
_c23 cm.
504 _aIncludes bibliographical references and index.
505 0 _aPatristic and medieval -- Reformation and counter-Reformation -- Nineteenth and twentieth centuries -- Contextual theologies of Scripture.
630 0 0 _aBible
_xCriticism, interpretation, etc.
_xHistory.
_91364
630 0 0 _aBible
_xTheology.
_91365
650 0 _aTheology, Doctrinal
_xHistory.
_91366
700 1 _aHolcomb, Justin S.
_91367
856 4 1 _3Table of contents only
_uhttp://www.loc.gov/catdir/toc/ecip063/2005032539.html
856 4 2 _3Publisher description
_uhttp://www.loc.gov/catdir/enhancements/fy0730/2005032539-d.html
856 4 2 _3Contributor biographical information
_uhttp://www.loc.gov/catdir/enhancements/fy0733/2005032539-b.html
906 _a7
_bcbc
_corignew
_d1
_eecip
_f20
_gy-gencatlg
942 _2lcc
_cMONOGRAPH
999 _c118073
_d118073